000 00828nam a2200229 a 4500
008
049 _aMAIN
090 _aNA2542
_bZAM
100 1 _aZami, Mohammad Sharif
245 1 0 _aThe influence of landscape architecture on the effectiveness of the university campus:
_ba case study of Zimbabwe/
_cMohammad Sharif Zami.
260 _aBulawayo :
_bNational University of Science and Technology,
_c2004.
300 _a180 p. :
_bcol. ill. ;
_c30 cm.
504 _aIncludes bibliographical references.
500 _aThesis (M.PHIL)---NUST, Bulawayo, 2004.
650 _aLandscape Architecture.
700 _aNUST.
_bDept Of Architecture.
_tThesis
907 _a.b10161648
_b26-09-13
_c20-04-05
003
005 20230123134240.0
040 _cNUST
942 _cBOOKS
_kNA2542
_mZAM
999 _c162614
_d162614